Plehanov filozófiai hagyatékáról recenzió V. A. Fomina. Plehanov filozófiai nézetei. Goszpolitizdat, 1955.
Elmentve itt :
| Szerző: | |
|---|---|
| Adatforrás: | Philobibl |
| Forrásdokumentuma: | Filozófiai Értesítő 2.1956:3. p. 165-171. |
| Dokumentumtípus: | Cikk |
| Nyelv: | magyar |
| Kulcsszavak: | filozófia, marxista |
| LEADER | 00407nab a2200109 c 4500 | ||
|---|---|---|---|
| 001 | bibPHI0037048 | ||
| 005 | 20200924123744.7 | ||
| 008 | 100309s1956 hu hun | ||
| 100 | 1 | |a Szidorov, M. | |
| 245 | 1 | 0 | |a Plehanov filozófiai hagyatékáról |b recenzió V. A. Fomina. Plehanov filozófiai nézetei. Goszpolitizdat, 1955. |c M. szidorov |
| 695 | |a filozófia, marxista | ||
| 773 | 0 | |t Filozófiai Értesítő |g 2.1956:3. p. 165-171. | |